[Event "10. Forchheimer Sparkassen Open"]
[Site "Forchheim"]
[Date "2011.10.07"]
[Round "1.29"]
[White "Lechermann, Markus"]
[Black "Zhao, Kevin"]
[Result "1-0"]
[WhiteElo "2026"]
[BlackElo "1799"]
[PlyCount "51"]
[EventDate "2011.??.??"]

1. d4 {[%emt 0:00:00]} e6 2. Nf3 f5 3. c4 Nf6 4. Nc3 b6 5. g3 Bb7 6. Bg2 Be7 7.
O-O O-O 8. b3 Qe8 9. Bb2 d6 10. Re1 Qh5 11. d5 e5 12. e4 f4 13. gxf4 exf4 14.
e5 Ng4 15. Nb5 dxe5 16. h3 Ne3 17. fxe3 e4 18. exf4 exf3 19. Rxe7 Rxf4 20.
Rxg7+ Kf8 21. Nxc7 Bc8 22. Ne6+ Bxe6 23. dxe6 Qc5+ 24. Kh2 Nc6 25. Qd2 Qf5 26.
Rf7+ 1-0

[Event "10. Forchheimer Sparkassen Open"]
[Site "Forchheim"]
[Date "2011.10.07"]
[Round "1.30"]
[White "Unkelbach, Manfred"]
[Black "Karasek, Christian"]
[Result "0-1"]
[WhiteElo "1798"]
[BlackElo "2022"]
[PlyCount "84"]
[EventDate "2011.??.??"]
[WhiteTeam "SC-SF 1957 Stockstadt"]
[BlackTeam "SC Noris-Tarrasch Nürnberg 1873"]

1. d4 {[%emt 0:00:00]} f5 2. g3 Nf6 3. Bg2 g6 4. Nf3 Bg7 5. O-O d6 6. c3 Nc6 7.
Qb3 e6 8. Ng5 Qe7 9. Qb5 d5 10. Nf3 a6 11. Qd3 Ne4 12. b3 Bd7 13. Ba3 Qf7 14.
e3 g5 15. Nfd2 h5 16. f3 Nxd2 17. Nxd2 g4 18. e4 O-O-O 19. e5 gxf3 20. Nxf3 Bh6
21. b4 Ne7 22. Rfe1 Bb5 23. Qc2 f4 24. gxf4 Bxf4 25. Bc1 Rdg8 26. Kh1 Ng6 27.
a4 Bc4 28. Qf2 Bxc1 29. Rexc1 Bd3 30. Ra2 Nf4 31. Rg1 Nxg2 32. Rxg2 Be4 33. Nh4
Bxg2+ 34. Nxg2 Rf8 35. Qxf7 Rxf7 36. Nh4 Rg8 37. h3 Rg3 38. Kh2 Rxc3 39. b5
axb5 40. axb5 Rb3 41. Ng6 Kb8 42. Nh8 Rff3 0-1

[Event "10. Forchheimer Sparkassen Open"]
[Site "Forchheim"]
[Date "2011.10.07"]
[Round "1.31"]
[White "Barnickel, Josef"]
[Black "Körber, Thomas"]
[Result "0-1"]
[WhiteElo "2020"]
[BlackElo "1783"]
[PlyCount "78"]
[EventDate "2011.??.??"]

1. Nf3 {[%emt 0:00:00]} f5 2. g3 Nf6 3. Bg2 g6 4. b3 Bg7 5. Bb2 d6 6. O-O e5 7.
d4 e4 8. Nfd2 O-O 9. c4 c6 10. d5 cxd5 11. cxd5 b6 12. Nc3 Bb7 13. Nc4 Qd7 14.
a4 Na6 15. Ba3 Ne8 16. Rc1 Nac7 17. Ne3 Rc8 18. Rc2 Nf6 19. Rd2 Rfd8 20. Bh3
Qf7 21. Nc4 Bf8 22. Rd4 Nfxd5 23. Nxe4 fxe4 24. Bxc8 Bxc8 25. Qc1 Bh3 26. Rfd1
Qe6 27. Qd2 e3 28. fxe3 Bg7 29. Rh4 Bf6 30. Rh6 Bg5 31. Rxh3 Qxh3 32. Rf1 Re8
33. Rf3 Qe6 34. Bxd6 Na6 35. Be5 Nc5 36. Qb2 Nxe3 37. Bh8 Bh6 38. Qd4 Nxb3 39.
Qc3 Qxc4 0-1

[Event "10. Forchheimer Sparkassen Open"]
[Site "Forchheim"]
[Date "2011.10.07"]
[Round "1.32"]
[White "Gunnarsson, Leif"]
[Black "Seidenschwarz, Holger"]
[Result "0-1"]
[WhiteElo "1783"]
[BlackElo "2018"]
[PlyCount "56"]
[EventDate "2011.??.??"]
[BlackTeam "SC 1947 Beilngries"]

1. e4 {[%emt 0:00:00]} e5 2. Nf3 Nc6 3. Bb5 Nf6 4. O-O Nxe4 5. Re1 Nd6 6. Nxe5
Nxe5 7. Rxe5+ Be7 8. Ba4 O-O 9. d4 Bf6 10. Re1 Nf5 11. c3 d5 12. Nd2 Nd6 13.
Nf1 c6 14. Ne3 Re8 15. Bc2 Bg5 16. Qf3 f5 17. Bd2 Ne4 18. Rad1 Nxd2 19. Rxd2 f4
20. h4 Bh6 21. Rde2 fxe3 22. fxe3 Qxh4 23. Rf1 Qe7 24. e4 Rf8 25. exd5 Rxf3 26.
Rxe7 Be3+ 27. Rxe3 Rxe3 28. dxc6 bxc6 0-1

[Event "10. Forchheimer Sparkassen Open"]
[Site "Forchheim"]
[Date "2011.10.07"]
[Round "1.33"]
[White "Nehls, Benedikt"]
[Black "Üstün, Engin"]
[Result "1-0"]
[WhiteElo "2012"]
[BlackElo "1781"]
[PlyCount "71"]
[EventDate "2011.??.??"]

1. Nf3 {[%emt 0:00:00]} Nf6 2. c4 e6 3. d4 d5 4. Nc3 Be7 5. cxd5 exd5 6. Bg5
O-O 7. Qc2 Nbd7 8. e3 c6 9. Bd3 Re8 10. O-O h6 11. Bh4 Nf8 12. Rab1 Ne4 13.
Bxe7 Qxe7 14. b4 Bf5 15. Rfc1 Nxc3 16. Qxc3 Bxd3 17. Qxd3 Rac8 18. h3 Nd7 19.
b5 cxb5 20. Qxb5 Nb6 21. Rc5 Rcd8 22. a4 Qd7 23. a5 Na4 24. Qxd7 Rxd7 25. Rc2
a6 26. Rb4 b5 27. axb6 Nxb6 28. Rxb6 Ra8 29. Ra2 a5 30. Ne5 Rc7 31. Rb5 a4 32.
Rb4 a3 33. Rb3 Rca7 34. Nf3 Kf8 35. Ne1 Ke7 36. Nc2 1-0

[Event "10. Forchheimer Sparkassen Open"]
[Site "Forchheim"]
[Date "2011.10.07"]
[Round "1.34"]
[White "Hohner, Karl-Heinz"]
[Black "Barthelmann, Benno"]
[Result "1-0"]
[WhiteElo "1780"]
[BlackElo "2007"]
[PlyCount "67"]
[EventDate "2011.??.??"]
[BlackTeam "SF Ravensburg"]

1. d4 {[%emt 0:00:00]} f5 2. f3 Nf6 3. Nc3 d5 4. Bg5 Nc6 5. e4 dxe4 6. d5 Ne5
7. fxe4 Nf7 8. Bxf6 exf6 9. Qd4 g6 10. Nf3 Bh6 11. Bb5+ Kf8 12. O-O fxe4 13.
Nxe4 f5 14. Nc5 Bg7 15. Qe3 a6 16. Ba4 b5 17. Bb3 Qe7 18. Qf2 Bxb2 19. Rae1 Qd6
20. Ne6+ Kg8 21. c4 Bc3 22. c5 Qd7 23. Re3 Bf6 24. Rd1 a5 25. d6 cxd6 26. Neg5
d5 27. Bxd5 Kg7 28. Nxf7 Bb7 29. Nxh8 Bxd5 30. Red3 Rxh8 31. Rxd5 Qe6 32. Rd6
Qe4 33. Rxf6 Kxf6 34. Qb2+ 1-0

[Event "10. Forchheimer Sparkassen Open"]
[Site "Forchheim"]
[Date "2011.10.07"]
[Round "1.35"]
[White "Nigmatulin, Anatolij"]
[Black "Wissel, Daniel"]
[Result "1/2-1/2"]
[WhiteElo "1996"]
[BlackElo "1762"]
[PlyCount "41"]
[EventDate "2011.??.??"]

1. e4 {[%emt 0:00:00]} b6 2. d4 Bb7 3. Nc3 e6 4. Nf3 Bb4 5. Bd3 Nf6 6. Qe2 d5
7. e5 Nfd7 8. a3 Be7 9. Nd1 c5 10. c3 c4 11. Bc2 b5 12. h4 h6 13. Ne3 a5 14. h5
b4 15. axb4 axb4 16. Rxa8 Bxa8 17. O-O b3 18. Bb1 Qa5 19. Ng4 Qa1 20. Be3 Nb6
21. Bg6 1/2-1/2

[Event "10. Forchheimer Sparkassen Open"]
[Site "Forchheim"]
[Date "2011.10.07"]
[Round "1.36"]
[White "Junk, Philipp"]
[Black "Wohlfahrt, Frank"]
[Result "0-1"]
[WhiteElo "1758"]
[BlackElo "1995"]
[PlyCount "64"]
[EventDate "2011.??.??"]
[WhiteTeam "SC Noris-Tarrasch Nürnberg 1873"]
[BlackTeam "SG Siemens Erlangen e.V."]

1. e4 {[%emt 0:00:00]} e5 2. Bc4 Nf6 3. d3 Bc5 4. Bg5 O-O 5. Nf3 Re8 6. Nc3 h6
7. Bh4 c6 8. Qc1 Bf8 9. Rg1 b5 10. Bb3 b4 11. Ne2 d5 12. Bxf6 Qxf6 13. Ng3 Be6
14. Qd2 Nd7 15. Ke2 Nc5 16. Rge1 a5 17. c3 Nxb3 18. axb3 g6 19. c4 dxe4 20.
dxe4 a4 21. Qc2 axb3 22. Qxb3 Bc5 23. Qc2 Bg4 24. b3 Bxf3+ 25. gxf3 Qh4 26. Kf1
Qxh2 27. Red1 Rxa1 28. Rxa1 Qh3+ 29. Ke2 Bxf2 30. Nf1 Bd4 31. Ra2 Qg2+ 32. Ke1
Qxf3 0-1

[Event "10. Forchheimer Sparkassen Open"]
[Site "Forchheim"]
[Date "2011.10.07"]
[Round "1.37"]
[White "Belz, Frank-Martin"]
[Black "Wettermann, Bernd"]
[Result "1-0"]
[WhiteElo "1981"]
[BlackElo "1753"]
[PlyCount "91"]
[EventDate "2011.??.??"]

1. Nf3 {[%emt 0:00:00]} Nc6 2. d4 d5 3. g3 Nf6 4. Bg2 e6 5. O-O Be7 6. Nbd2 O-O
7. c4 Rb8 8. a3 b6 9. cxd5 exd5 10. Qc2 Bb7 11. b4 Bd6 12. Bb2 Re8 13. e3 Qd7
14. Rfc1 Qg4 15. Qa4 Ne7 16. Rc2 Ng6 17. Rac1 a6 18. Qb3 c6 19. a4 h5 20. b5
axb5 21. axb5 h4 22. bxc6 hxg3 23. hxg3 Bc8 24. c7 Ra8 25. Rc6 Bxg3 26. fxg3
Qxg3 27. Nf1 Qg4 28. Rxb6 Nh4 29. Nxh4 Qxh4 30. Rxf6 gxf6 31. Qxd5 Bh3 32. Bxh3
Qxh3 33. Qg2+ Qxg2+ 34. Kxg2 Rac8 35. d5 Re7 36. d6 Rd7 37. Ba3 Kg7 38. Kf3 Kg6
39. Kf4 f5 40. Ng3 Kf6 41. Nxf5 Ke6 42. e4 f6 43. Nd4+ Kf7 44. Kf5 Ra8 45. c8=Q
Ra5+ 46. Rc5 1-0

[Event "10. Forchheimer Sparkassen Open"]
[Site "Forchheim"]
[Date "2011.10.07"]
[Round "1.38"]
[White "Myagkov, Kirill"]
[Black "Seitz, Hans"]
[Result "0-1"]
[WhiteElo "1748"]
[BlackElo "1977"]
[PlyCount "80"]
[EventDate "2011.??.??"]
[WhiteTeam "SC Noris-Tarrasch Nürnberg 1873"]
[BlackTeam "SV Neustadt/Aisch 07"]

1. e4 {[%emt 0:00:00]} e6 2. d4 d5 3. exd5 exd5 4. Bd3 Nc6 5. c3 Bd6 6. Ne2 Qf6
7. Qc2 Nge7 8. Ng3 h5 9. Ne2 Bf5 10. Be3 O-O-O 11. Nd2 Bxd3 12. Qxd3 Qg6 13.
Qxg6 Nxg6 14. Nf3 f6 15. O-O-O Nce7 16. Ng3 Rde8 17. Rhe1 Kd7 18. Kd2 h4 19.
Nf1 Nf5 20. Kd3 Re4 21. N1d2 Re7 22. Nb3 Rhe8 23. Bd2 Rxe1 24. Rxe1 Rxe1 25.
Nxe1 Bxh2 26. Nc5+ Kc8 27. Nf3 Bd6 28. c4 b6 29. Ne6 Kd7 30. cxd5 Nge7 31. Ke4
g6 32. Nf4 Bxf4 33. Bxf4 g5 34. Bh2 Nd6+ 35. Bxd6 Kxd6 36. Nd2 f5+ 37. Kd3 g4
38. Nc4+ Kxd5 39. Ne3+ Ke6 40. Ke2 Nd5 0-1

[Event "10. Forchheimer Sparkassen Open"]
[Site "Forchheim"]
[Date "2011.10.07"]
[Round "1.39"]
[White "Adelhütte, Dennis"]
[Black "Justi, Fabian"]
[Result "0-1"]
[WhiteElo "1975"]
[BlackElo "1737"]
[PlyCount "65"]
[EventDate "2011.??.??"]

1. e4 b6 2. d4 Bb7 3. Nc3 e6 4. a3 Nf6 5. Bd3 Nc6 6. Nf3 d6 7. O-O h6 8. d5 Ne7
9. dxe6 fxe6 10. Nd4 Qd7 11. Qe2 e5 12. Nf3 g5 13. Rd1 Ng6 14. Nd5 Be7 15. Ne3
Nf4 16. Qe1 N6h5 17. Nf5 g4 18. N3h4 Bxh4 19. Nxh4 O-O-O 20. a4 Rdf8 21. a5
Nh3+ 22. gxh3 gxh3 23. Qe2 Rhg8+ 24. Kh1 Rg4 25. Nf3 Qg7 26. axb6 axb6 27. Ba6
Rg2 28. Bxb7+ Kxb7 29. Qa6+ Kc6 30. Qa4+ b5 31. Qa6+ Kd7 32. Qxb5+ Ke7 33. Ra7
0-1

[Event "10. Forchheimer Sparkassen Open"]
[Site "Forchheim"]
[Date "2011.10.07"]
[Round "1.40"]
[White "Walter, Manfred"]
[Black "Ott, Florian"]
[Result "1/2-1/2"]
[WhiteElo "1736"]
[BlackElo "1974"]
[PlyCount "60"]
[EventDate "2011.??.??"]
[WhiteTeam "SV Lauf a.d.P."]
[BlackTeam "SG Siemens Amberg"]

1. c4 {[%emt 0:00:00]} Nf6 2. g3 g6 3. Bg2 Bg7 4. Nc3 O-O 5. e4 d6 6. Nge2 c5
7. O-O Nc6 8. d3 a6 9. a3 Rb8 10. f4 Bd7 11. h3 b5 12. cxb5 axb5 13. f5 b4 14.
axb4 Rxb4 15. Rb1 Ne5 16. g4 Bc6 17. Be3 c4 18. d4 Nd3 19. b3 Qb6 20. bxc4 Nb2
21. Qc2 Nxc4 22. Rxb4 Qxb4 23. Rb1 Nxe3 24. Qd3 Qc4 25. Qxe3 Nd7 26. Rc1 Qb3
27. Nd1 Qxe3+ 28. Nxe3 Bb5 29. Rc7 Ra8 30. Kf2 Nb6 1/2-1/2

[Event "10. Forchheimer Sparkassen Open"]
[Site "Forchheim"]
[Date "2011.10.07"]
[Round "1.41"]
[White "Glawe, Ralf"]
[Black "Siegl, Melina"]
[Result "1-0"]
[WhiteElo "1967"]
[BlackElo "1735"]
[PlyCount "123"]
[EventDate "2011.??.??"]

1. e4 {[%emt 0:00:00]} c5 2. Nf3 Nc6 3. Bb5 e6 4. Bxc6 bxc6 5. d3 d5 6. Nbd2
Nf6 7. Qe2 Ba6 8. c4 Be7 9. O-O Qc7 10. b3 O-O 11. Bb2 Nh5 12. e5 Nf4 13. Qe3
Ng6 14. g3 Rfd8 15. h4 h6 16. Kg2 Rd7 17. Rfd1 Rad8 18. Qe2 Qa5 19. Nf1 dxc4
20. dxc4 Rxd1 21. Rxd1 Rxd1 22. Qxd1 Qxa2 23. Qc2 Bb7 24. N1d2 a5 25. Qb1 Qxb1
26. Nxb1 f6 27. Nbd2 Kf7 28. Ne4 f5 29. Nd6+ Bxd6 30. exd6 Nf8 31. Ne5+ Ke8 32.
Ba3 Nd7 33. f4 g5 34. Kf2 gxf4 35. gxf4 Nf6 36. d7+ Nxd7 37. Nd3 Kf7 38. Bxc5
Nxc5 39. Nxc5 Bc8 40. Nd3 Ke7 41. Ne5 Bb7 42. c5 h5 43. Ke3 Kd8 44. Nc4 Ba6 45.
Nxa5 Bb5 46. Kd4 Kd7 47. Ke5 Ke7 48. Nb7 Bd3 49. Nd6 Ba6 50. Nc4 Bc8 51. Nb6
Ba6 52. Nc4 Bc8 53. Na5 Bd7 54. b4 Be8 55. Nc4 Bf7 56. Nd6 Bg8 57. Nc4 Bf7 58.
Nd6 Bg8 59. b5 cxb5 60. Nxb5 Bf7 61. c6 Kd8 62. Kd6 1-0

[Event "10. Forchheimer Sparkassen Open"]
[Site "Forchheim"]
[Date "2011.10.07"]
[Round "1.42"]
[White "Hummel, Thomas"]
[Black "Jacobi, Robin"]
[Result "0-1"]
[WhiteElo "1734"]
[BlackElo "1967"]
[PlyCount "56"]
[EventDate "2011.??.??"]
[WhiteTeam "TSV Dietfurt/Altm. e.V."]
[BlackTeam "SV Empor Erfurt"]

1. b4 {[%emt 0:00:00]} e5 2. Bb2 Bxb4 3. Bxe5 Nf6 4. Nf3 O-O 5. e3 Nc6 6. Bb2
Re8 7. Be2 d5 8. O-O Bf5 9. Bb5 Bg4 10. d3 Re6 11. a3 Ba5 12. h3 Bh5 13. d4 Ne4
14. Be2 Bxf3 15. Bxf3 f5 16. Qd3 Ne7 17. Bc3 c6 18. Bxa5 Qxa5 19. Qb3 Qc7 20.
Bxe4 fxe4 21. c4 Qd7 22. Nd2 Rf8 23. cxd5 Nxd5 24. Nc4 Rg6 25. Kh2 Rf3 26. g3
Rh6 27. h4 Rxh4+ 28. gxh4 Rh3+ 0-1

[Event "10. Forchheimer Sparkassen Open"]
[Site "Forchheim"]
[Date "2011.10.07"]
[Round "1.43"]
[White "Steppuhn, Thomas"]
[Black "Wagner, Robert"]
[Result "1-0"]
[WhiteElo "1957"]
[BlackElo "1733"]
[PlyCount "61"]
[EventDate "2011.??.??"]

1. b4 {[%emt 0:00:00]} d5 2. Bb2 e6 3. b5 c6 4. e3 cxb5 5. Bxb5+ Bd7 6. Qe2 Nf6
7. Nc3 a6 8. Bxd7+ Nbxd7 9. f4 Bd6 10. Nf3 O-O 11. O-O e5 12. f5 Qc7 13. Ng5 h6
14. h4 d4 15. exd4 exd4 16. Nce4 hxg5 17. hxg5 Nxe4 18. Qxe4 Rfe8 19. Qh4 Bg3
20. Qh5 Re4 21. g6 fxg6 22. fxg6 Rh4 23. Qd5+ Kh8 24. Rf3 Bh2+ 25. Kf1 Be5 26.
Qf7 Rf4 27. Rxf4 Bxf4 28. Bxd4 Be5 29. Ke2 Nf6 30. Rh1+ Bh2 31. Qxc7 1-0

[Event "10. Forchheimer Sparkassen Open"]
[Site "Forchheim"]
[Date "2011.10.07"]
[Round "1.44"]
[White "Mann, Johannes"]
[Black "Ruff, Maximilian"]
[Result "1/2-1/2"]
[WhiteElo "1728"]
[BlackElo "1949"]
[PlyCount "67"]
[EventDate "2011.??.??"]
[WhiteTeam "SC Forchheim e.V."]
[BlackTeam "SC Brandeck-Turm Ohlsbach e.V."]

1. e4 {[%emt 0:00:00]} e5 2. Nf3 Nc6 3. Bb5 a6 4. Ba4 Nf6 5. O-O Be7 6. Re1 b5
7. Bb3 d6 8. h3 O-O 9. c3 Na5 10. Bc2 c5 11. d4 Qc7 12. d5 c4 13. Nbd2 Re8 14.
Nf1 Nb7 15. Ng3 Nc5 16. Be3 Bd7 17. Qd2 a5 18. Nh2 Qb6 19. Kh1 b4 20. f4 exf4
21. Bxf4 b3 22. axb3 cxb3 23. Bd3 Nxd3 24. Qxd3 a4 25. Nf3 Rac8 26. Nd4 Qc5 27.
Ngf5 Bf8 28. Re2 Ra8 29. Bg5 Bxf5 30. Nxf5 Nd7 31. Be3 Qc7 32. Qd4 Nc5 33. Bf4
f6 34. g4 1/2-1/2

[Event "10. Forchheimer Sparkassen Open"]
[Site "Forchheim"]
[Date "2011.10.07"]
[Round "1.45"]
[White "Diller, Peter"]
[Black "Häusler, Yannick"]
[Result "1/2-1/2"]
[WhiteElo "1949"]
[BlackElo "1723"]
[PlyCount "42"]
[EventDate "2011.??.??"]

1. e4 {[%emt 0:00:00]} c5 2. f4 a6 3. Nf3 b5 4. Be2 Bb7 5. d3 e6 6. O-O d5 7.
Qe1 Be7 8. Nbd2 dxe4 9. dxe4 Nf6 10. b3 O-O 11. Bd3 Nc6 12. Ba3 Qc7 13. Ng5 h6
14. Nh3 Rad8 15. Rd1 Qa5 16. Bb2 Qxa2 17. Bc3 Nb4 18. Bxb4 cxb4 19. e5 Ng4 20.
Ne4 Qb2 21. Nhf2 Nxf2 1/2-1/2

[Event "10. Forchheimer Sparkassen Open"]
[Site "Forchheim"]
[Date "2011.10.07"]
[Round "1.46"]
[White "Seuberth, Ludwig"]
[Black "Kesik, Marco"]
[Result "0-1"]
[WhiteElo "1530"]
[BlackElo "1715"]
[PlyCount "50"]
[EventDate "2011.??.??"]
[WhiteTeam "SC Forchheim e.V."]
[BlackTeam "SV Blau-Gelb 1899 Hosena e.V."]

1. d4 {[%emt 0:00:00]} Nf6 2. c4 g6 3. Nc3 Bg7 4. e4 d6 5. Bg5 h6 6. Be3 O-O 7.
Bd3 Nc6 8. Rc1 e5 9. Nge2 Ng4 10. Bb1 Nxe3 11. fxe3 Qg5 12. Kf2 f5 13. exf5
Bxf5 14. Bxf5 Rxf5+ 15. Ke1 exd4 16. Nd5 Qxg2 17. Rg1 Qf2+ 18. Kd2 Rxd5 19.
cxd5 Qxe3+ 20. Kc2 d3+ 21. Kb1 dxe2 22. Qc2 Nb4 23. Qxg6 Qd3+ 24. Ka1 Qxg6 25.
Rxg6 e1=Q 0-1

[Event "10. Forchheimer Sparkassen Open"]
[Site "Forchheim"]
[Date "2011.10.07"]
[Round "1.47"]
[White "Utz, Günther"]
[Black "Diller, Andreas"]
[Result "1-0"]
[WhiteElo "1714"]
[BlackElo "1502"]
[PlyCount "51"]
[EventDate "2011.??.??"]

1. e4 {[%emt 0:00:00]} e6 2. d4 d5 3. Nd2 c5 4. exd5 Qxd5 5. Ngf3 Nf6 6. Bc4
Qd8 7. O-O cxd4 8. Nb3 Be7 9. Nbxd4 O-O 10. Re1 Qc7 11. Qe2 Re8 12. Bg5 Bd7 13.
Rad1 Na6 14. Ne5 Red8 15. Nxd7 Rxd7 16. Nxe6 Qc8 17. Rxd7 Qxd7 18. Rd1 Qc6 19.
Nd4 Qc7 20. Nf5 Bc5 21. Bxf6 gxf6 22. Qg4+ Kf8 23. Qg7+ Ke8 24. Re1+ Kd8 25.
Qg8+ Kd7 26. Bb5+ 1-0

[Event "10. Forchheimer Sparkassen Open"]
[Site "Forchheim"]
[Date "2011.10.07"]
[Round "1.48"]
[White "Dreiseitel, Werner"]
[Black "Meulner, Fabian"]
[Result "1/2-1/2"]
[WhiteElo "1482"]
[BlackElo "1714"]
[PlyCount "27"]
[EventDate "2011.??.??"]
[WhiteTeam "SC Noris-Tarrasch Nürnberg 1873"]
[BlackTeam "SW Nürnberg Süd e.V."]

1. d4 {[%emt 0:00:00]} d5 2. c4 Nc6 3. Nc3 dxc4 4. e3 e5 5. d5 Na5 6. Nf3 Bd6
7. Qa4+ c6 8. dxc6 Nxc6 9. Bxc4 Bd7 10. Qb3 Na5 11. Bxf7+ Ke7 12. Qd1 Bc6 13.
Bd5 Bb4 14. e4 1/2-1/2

[Event "10. Forchheimer Sparkassen Open"]
[Site "Forchheim"]
[Date "2011.10.07"]
[Round "1.49"]
[White "Schilay, Andre"]
[Black "Hasenstab, Robin"]
[Result "1/2-1/2"]
[WhiteElo "1711"]
[BlackElo "1480"]
[PlyCount "72"]
[EventDate "2011.??.??"]

1. e4 {[%emt 0:00:00]} e6 2. d4 d5 3. exd5 exd5 4. Nf3 Bg4 5. Be2 Nd7 6. Nc3
Ngf6 7. Qd3 c6 8. h3 Bh5 9. Bf4 Bg6 10. Qe3+ Be7 11. O-O-O O-O 12. Bd3 Bxd3 13.
Qxd3 Re8 14. g4 Nf8 15. Ne5 Bd6 16. Bg3 Bxe5 17. dxe5 N6d7 18. f4 f6 19. exf6
Nxf6 20. Rde1 N8d7 21. Qf3 Nc5 22. Rxe8+ Qxe8 23. Re1 Qf7 24. b3 a5 25. Bf2
Nfe4 26. Bxc5 Nxc5 27. Qe3 b6 28. f5 Kf8 29. Qe5 Re8 30. Qd6+ Kg8 31. Qg3 Rxe1+
32. Qxe1 Kf8 33. Qe5 Qe8 34. Qc7 Qe3+ 35. Kb2 b5 36. Qxc6 Nd3+ 1/2-1/2

[Event "10. Forchheimer Sparkassen Open"]
[Site "Forchheim"]
[Date "2011.10.07"]
[Round "1.50"]
[White "Neiss, Albrecht"]
[Black "Wohlfahrt, Michael"]
[Result "1/2-1/2"]
[WhiteElo "1469"]
[BlackElo "1709"]
[PlyCount "47"]
[EventDate "2011.??.??"]
[WhiteTeam "SC Kirchseeon e.V."]
[BlackTeam "SAbt TSF Welzheim"]

1. d4 {[%emt 0:00:00]} d5 2. c4 c6 3. Nf3 Nf6 4. Nc3 a6 5. e3 Bf5 6. Qb3 b5 7.
cxd5 cxd5 8. a4 bxa4 9. Qb7 Nbd7 10. Nxd5 Qa5+ 11. Nc3 Be4 12. b4 Bxb7 13. bxa5
Rc8 14. Nxa4 e6 15. Nb6 Nxb6 16. axb6 Rc6 17. Rb1 Nd7 18. Be2 Be7 19. O-O O-O
20. Bd2 Rxb6 21. Rxb6 Nxb6 22. Rb1 Bxf3 23. gxf3 Nd5 24. Bxa6 1/2-1/2

[Event "10. Forchheimer Sparkassen Open"]
[Site "Forchheim"]
[Date "2011.10.07"]
[Round "1.51"]
[White "Jahn, Manuel"]
[Black "Gründel, Johannes"]
[Result "1-0"]
[WhiteElo "1706"]
[BlackElo "1436"]
[PlyCount "53"]
[EventDate "2011.??.??"]

1. d4 {[%emt 0:00:00]} d5 2. c4 e6 3. Nc3 Nf6 4. Bg5 Be7 5. e3 Nc6 6. Nf3 O-O
7. Be2 h6 8. Bf4 dxc4 9. Bxc4 Nd5 10. Bxd5 exd5 11. O-O Bg4 12. Qb3 Bxf3 13.
gxf3 Bd6 14. Bxd6 Qxd6 15. Qxd5 Qg6+ 16. Kh1 Ne7 17. Qe5 Nf5 18. Rg1 Qh5 19. e4
Qxf3+ 20. Rg2 Rfe8 21. Qxf5 Qxf5 22. exf5 Rad8 23. Rag1 Rxd4 24. Rxg7+ Kh8 25.
Rxf7 Rd2 26. f3 Rxb2 27. Ne4 1-0

[Event "10. Forchheimer Sparkassen Open"]
[Site "Forchheim"]
[Date "2011.10.07"]
[Round "1.52"]
[White "Heinlein, Hans-Albert"]
[Black "Babichev, Vyacheslav"]
[Result "0-1"]
[WhiteElo "1430"]
[BlackElo "1696"]
[PlyCount "108"]
[EventDate "2011.??.??"]
[WhiteTeam "SF Fürth 1951 e.V."]
[BlackTeam "SW Nürnberg Süd e.V."]

1. d4 {[%emt 0:00:00]} Nf6 2. c4 e6 3. a3 b6 4. Nc3 Bb7 5. Bg5 Be7 6. Bxf6 Bxf6
7. e4 d6 8. Nf3 O-O 9. Rc1 Nd7 10. Bd3 e5 11. d5 Nc5 12. Bc2 Bc8 13. h3 Ba6 14.
b4 Nd7 15. b5 Bc8 16. O-O Nc5 17. Na4 Nb7 18. Nc3 Na5 19. Qe2 g6 20. Nd1 Bg7
21. Ne3 Bh6 22. Bd1 Nb7 23. Nh2 Bf4 24. Rc3 h5 25. g3 Bxe3 26. Qxe3 Bxh3 27.
Re1 Kg7 28. f4 Rh8 29. Nf3 f6 30. Nh2 Qe7 31. Bf3 Nc5 32. Qe2 exf4 33. gxf4 Nd7
34. Qf2 Nf8 35. Qh4 Bd7 36. e5 Re8 37. e6 Bc8 38. Be4 f5 39. Qxe7+ Rxe7 40. Bg2
Nh7 41. Nf3 Kf6 42. Bh3 Rg8 43. Kh2 Reg7 44. Ng5 Nxg5 45. fxg5+ Kxg5 46. e7 Re8
47. Rce3 Kf6 48. a4 Rgxe7 49. Rxe7 Rxe7 50. Rxe7 Kxe7 51. Kg3 g5 52. Bf1 h4+
53. Kf3 Kf6 54. Bd3 Ke5 0-1

[Event "10. Forchheimer Sparkassen Open"]
[Site "Forchheim"]
[Date "2011.10.07"]
[Round "1.53"]
[White "Schmidt, Tobias"]
[Black "Daumin, Jan"]
[Result "1-0"]
[WhiteElo "1690"]
[BlackElo "1429"]
[PlyCount "69"]
[EventDate "2011.??.??"]

1. e4 {[%emt 0:00:00]} e5 2. Nf3 Nc6 3. Bc4 Nf6 4. Ng5 d5 5. exd5 Nxd5 6. d4
exd4 7. O-O f6 8. Qf3 fxg5 9. Bxd5 Ne5 10. Re1 Qe7 11. Qe2 c6 12. Qxe5 cxd5 13.
Qxe7+ Bxe7 14. Bxg5 O-O 15. Bxe7 Re8 16. Bb4 Rxe1+ 17. Bxe1 Bf5 18. Na3 a6 19.
Rd1 Re8 20. Kf1 Re4 21. f3 Rf4 22. Bg3 Bxc2 23. Nxc2 Rf6 24. Rxd4 Kf7 25. Rxd5
Rc6 26. Rd7+ Ke6 27. Rc7 Rb6 28. b3 Rc6 29. Rxc6+ bxc6 30. Ke2 Kd5 31. Kd3 g6
32. Nb4+ Kc5 33. Nxa6+ Kb5 34. Nc7+ Kc5 35. Kc3 1-0

[Event "10. Forchheimer Sparkassen Open"]
[Site "Forchheim"]
[Date "2011.10.07"]
[Round "1.54"]
[White "Bashouti, Muhammed"]
[Black "Kliem, Klaus-Peter"]
[Result "1/2-1/2"]
[WhiteElo "1422"]
[BlackElo "1688"]
[PlyCount "46"]
[EventDate "2011.??.??"]
[WhiteTeam "SC Erlangen 48/88 e.V."]
[BlackTeam "SF Oeffingen e.V."]

1. e4 {[%emt 0:00:00]} e5 2. Nf3 Nc6 3. Bc4 Nf6 4. d3 Bc5 5. Be3 Bxe3 6. fxe3
d5 7. exd5 Nxd5 8. Bxd5 Qxd5 9. Nc3 Qa5 10. O-O O-O 11. Qe1 h6 12. Ne4 Qb6 13.
Qf2 f5 14. Nh4 Be6 15. Ng3 f4 16. exf4 exf4 17. Qxb6 axb6 18. Ng6 Rf6 19. Nxf4
Rxa2 20. Nxe6 Rxa1 21. Rxa1 Rxe6 22. Ne4 Nb4 23. Rc1 Na2 1/2-1/2

[Event "10. Forchheimer Sparkassen Open"]
[Site "Forchheim"]
[Date "2011.10.07"]
[Round "1.55"]
[White "Reich, Christian"]
[Black "Franz, Kurt"]
[Result "1-0"]
[WhiteElo "1686"]
[BlackElo "1413"]
[PlyCount "111"]
[EventDate "2011.??.??"]

1. e4 {[%emt 0:00:00]} c5 2. Nf3 e6 3. d4 cxd4 4. Nxd4 Be7 5. Nc3 a6 6. Bd3 Nc6
7. Nxc6 dxc6 8. O-O Nf6 9. Be3 Bb4 10. Qe1 Qc7 11. a3 Bd6 12. h3 Nd7 13. f4 Bc5
14. b4 Bxe3+ 15. Qxe3 Qb6 16. Qxb6 Nxb6 17. g4 Bd7 18. a4 Rd8 19. a5 Nc8 20.
Na4 O-O 21. Nc5 Nd6 22. e5 Nb5 23. Bxb5 cxb5 24. Nxb7 Rb8 25. Nc5 Bc8 26. Rad1
Re8 27. Rd6 Ra8 28. Rfd1 g6 29. g5 Kf8 30. Kf2 Ra7 31. Rb6 Rc7 32. Rd2 Ke7 33.
c3 Rd8 34. Rdd6 Re8 35. Ke3 Rd8 36. Kd4 Re8 37. c4 bxc4 38. Kxc4 Rh8 39. Rbc6
Rxc6 40. Rxc6 Kd8 41. Nxa6 Bb7 42. Rd6+ Kc8 43. b5 Bxa6 44. Rxa6 Kb7 45. Rd6
Rc8+ 46. Rc6 Rd8 47. a6+ Kb8 48. b6 Ka8 49. b7+ Kb8 50. Rc8+ Rxc8+ 51. bxc8=Q+
Kxc8 52. Kb5 Kc7 53. Ka5 Kc6 54. h4 Kc7 55. Kb5 Kb8 56. Kb6 1-0

[Event "10. Forchheimer Sparkassen Open"]
[Site "Forchheim"]
[Date "2011.10.07"]
[Round "1.56"]
[White "Hock, Anna-Maria"]
[Black "Berger, Nadja"]
[Result "1/2-1/2"]
[WhiteElo "1412"]
[BlackElo "1683"]
[PlyCount "31"]
[EventDate "2011.??.??"]
[WhiteTeam "TV-Großostheim 1900 e.V."]
[BlackTeam "Aschaffenburg- Schweinheim e.V."]

1. e4 c5 2. Nf3 Nc6 3. d4 cxd4 4. Nxd4 e5 5. Nb5 a6 6. Nd6+ Bxd6 7. Qxd6 Qf6 8.
Qxf6 Nxf6 9. Nc3 d5 10. exd5 Nb4 11. Bd3 Nbxd5 12. Ne4 O-O 13. O-O Rb8 14. Re1
Re8 15. Bg5 Nxe4 16. Bxe4 1/2-1/2

[Event "10. Forchheimer Sparkassen Open"]
[Site "Forchheim"]
[Date "2011.10.07"]
[Round "1.57"]
[White "Link, Fabian"]
[Black "Wegmann, Simon"]
[Result "1-0"]
[WhiteElo "1666"]
[BlackElo "1397"]
[PlyCount "39"]
[EventDate "2011.??.??"]

1. c4 {[%emt 0:00:00]} d6 2. Nc3 c6 3. d4 a6 4. e4 Nd7 5. f4 f6 6. f5 Qc7 7.
Bf4 b6 8. Qh5+ Kd8 9. Nf3 c5 10. Be2 Bb7 11. O-O Rc8 12. Rad1 Qb8 13. Nd5 Bxd5
14. cxd5 a5 15. Ba6 Rc7 16. Bb5 Ra7 17. Rfe1 Kc7 18. e5 cxd4 19. exd6+ exd6 20.
Re8 1-0